00333nam a2200121Ia 4500008004100000041000800041082001500049100002200064245004500086260003700131300003200168365001100200240624s9999 xx 000 0 und d aeng a793.73 TIM aTIMMERMAN CHARLES aEVERYTHING 15 MINUTE SUDOKU BOOK OVER 20 c2006aMassachusettsbAdams Media axiii, : 272 : p. : cm. ; 23 cRSb33